01311nam a2200313Ma 450000500170000000800410001702000180005802000150007604000500009104100080014106000110014924501040016025000100026426000780027430000590035250400640041165000250047565000260050065000430052665000440056965000440061365000330065765000520069065000550074265000390079770000310083670000270086785601030089420180312122244.0141023s2012 sp ad fr 001 0 spa d a9788415419631 a8415419635 aCO-BoUCMbspacJose A. GerenadJose A. Gerena1 aspa aQT 10400aFisiología médicabfundamentos de medicina clínicaceditores Rodney A. Rhoades, David R. Bell a4a ed aBarcelona (España)bWolters KluwerbLippincott Williams & Wilkinsc2012 axvi, 824 páginasbilustraciones, cuadros, gráficas aIncluye referencias bibliográficas e índices y glosario 7aFisiología humana  7aFisiología celular  7aNeurología xAspectos fisiológicos 7aHematología xAspectos fisiológicos 7aInmunología xAspectos fisiológicos 7aFisiología cardiovascular  7aLíquidos corporales xAspectos fisiológicos 7aSistema gastrointestinal xAspectos fisiológicos 7aFisiología de la reproducción 1 aRhoades, Rodney A.eeditor1 aBell, David R.eeditor40zEste recurso requiere clave, por favor solicítela en la USEButhepoint.lww.com/espanol-rhoades4e